000 00681nam a2200217Ia 4500
003 GCL
008 140319s9999 xx 000 0 ara d
040 _aGCL /
_cGCL
082 0 4 _a810.9
_bع س
100 1 _aعبدالجبار داود البصرى
245 1 0 _aساعات بين التراث و المعاصرة /
_cعبدالجبار داود البصرى
300 _a292 ص
490 _a
650 0 4 _aالشعر العربى
650 0 4 _aالقصص العربية
650 0 4 _aالتراث العربى
650 0 4 _aالبلاغة العربية
650 0 4 _aالشعر العاطفى
650 0 4 _aالشعر العربى - العراق
942 _2ddc
_cBK
999 _c40606
_d40606